Asian Countries with Multiple Words - Statistics

General Stats
  • This quiz has been taken 49 times
  • The average score is 5 of 6
Answer Stats
Country % Correct
Sri Lanka
96%
North Korea
93%
South Korea
93%
Saudi Arabia
91%
United Arab Emirates
89%
East Timor
84%
No matching quizzes found
Score Distribution
Percent of People with Each Score
Percentile by Number Answered
Your Score History
You have not taken this quiz